00573nam a2200169Ia 4500008004100000041000800041082001600049100001500065245003700080260003200117300000800149365001600157700001500173906003200188999001900220952016400239230718s9999 xx 000 0 und d aeng a621.02bPAT aPatil S.A. aMechanical Processes And System c1999bTech Max Publications a820 cRs.b195.00 aPatil S.A. dB:385203-Mar-2004cINSTb39 c307023d307023 01104070aCCEPbCCEPd2004-03-08eTechnical Book ServicesfINSTg156.00i3852o621.02pCCEP-BK-18230r2023-07-18 00:00:00t39v195.00w2004-03-03yBKz018230